Dos estudios sobre la Usucapión en Derecho Administrativo

Guardat en:
Dades bibliogràfiques
Autor principal: García de Enterría, Eduardo
Format: Desconegut
Idioma:anglès
Publicat: Navarra Aranzadi 2007
Edició:Cuarta edición
Matèries:
Etiquetes: Afegir etiqueta
Sense etiquetes, Sigues el primer a etiquetar aquest registre!

MARC

LEADER 00000 a2200000 4500
003 CL-VaPUC
005 20230602124222.0
008 200115b ||||| |||| 00| 0 eng d
999 |c 376053  |d 376051 
020 |a 9788447024940 
040 |c Pontificia Universidad Católica de Valparaíso 
082 |a 342.06 GAR 2007 
100 |a García de Enterría, Eduardo  |9 254850 
245 |a Dos estudios sobre la Usucapión en Derecho Administrativo 
250 |a Cuarta edición 
260 |b Aranzadi  |c 2007  |a Navarra 
300 |a 197 p. 
583 |k Hugo Gaete  |c 20200115 
650 0 0 |a Derecho administrativo  |9 254851 
650 0 0 |a USUCAPION  |9 605802 
650 0 0 |a Propiedad   |9 255268 
650 0 0 |a CONCESIONES  |9 259108 
650 0 0 |a Adquisición de dominio   |9 605805 
650 0 0 |a DOMINIO PUBLICO  |9 325256 
650 0 0 |a Posesión   |9 258681 
650 0 0 |a Prescripción   |9 333873 
650 0 0 |a IMPRESCRIPCION  |9 605806 
942 |2 ddc  |c BK 
952 |0 0  |1 0  |2 ddc  |4 0  |6 342_060000000000000_GAR_2007  |7 0  |9 495228  |a BIBDER  |b BIBDER  |d 2019-12-27  |e 36  |g 20022.00  |i 5568307  |o 342.06 GAR 2007   |p 5568307  |r 2023-01-25  |t 1  |v 20022.00  |w 2019-12-27  |y BK  |k DER